000 00623nam a2200241Ia 4500
005 20250425162331.0
008 250425s9999 xx 000 0 und d
020 _a958648338X
041 _aspa
082 _a302.2
100 _aNIÑO ROJAS, VICTOR MIGUEL
245 0 _aCOMPETENCIAS EN LA COMUNICACION: HACIA LAS PRACTICAS DEL DISCURSO
250 _a1A ED.
260 _aBOGOTA
260 _aColombia
_bECOE EDICIONES
_c2003
300 _a316
650 _aCOMUNICACION HUMANA
650 _aCOMUNICACION ORAL
650 _aDISCURSOS
650 _aTECNICAS DE ESCRITURA
942 _c01
010 _a63266
999 _c227080
_d227080